General and Systematic Pathology (Record no. 6863)

MARC details
000 -LEADER
fixed length control field 00983cam a2200313 a 4500
001 - CONTROL NUMBER
control field 705758
003 - CONTROL NUMBER IDENTIFIER
control field OSt
005 - DATE AND TIME OF LATEST TRANSACTION
control field 20231010140440.0
008 - FIXED-LENGTH DATA ELEMENTS--GENERAL INFORMATION
fixed length control field 911212s1992 stk|||| |||| 00||0|eng
010 ## - LIBRARY OF CONGRESS CONTROL NUMBER
LC control number 91-47891
020 ## - INTERNATIONAL STANDARD BOOK NUMBER
International Standard Book Number 9780443037122
020 ## - INTERNATIONAL STANDARD BOOK NUMBER
International Standard Book Number 0443037124
040 ## - CATALOGING SOURCE
Original cataloging agency DNLM
Transcribing agency DNLM
041 0# - LANGUAGE CODE
Language code of text/sound track or separate title eng
082 ## - DEWEY DECIMAL CLASSIFICATION NUMBER
Classification number QZ 4 G29j 1992
100 ## - MAIN ENTRY--PERSONAL NAME
Relator code Editted by Underwood, J. C. E.; Cross, Simon S.
245 00 - TITLE STATEMENT
Title General and Systematic Pathology
260 ## - PUBLICATION, DISTRIBUTION, ETC. (IMPRINT)
Place of publication, distribution, etc. Edinburgh ;
Name of publisher, distributor, etc. Churchill Livingstone,
Date of publication, distribution, etc. 1992.
300 ## - PHYSICAL DESCRIPTION
Extent 847 p. :
Other physical details ill.
336 ## - CONTENT TYPE
Content type term text
Content type code txt
Source rdacontent
337 ## - MEDIA TYPE
Media type term unmediated
Media type code n
Source rdamedia
338 ## - CARRIER TYPE
Carrier type term volume
Carrier type code nc
Source rdacarrier
500 ## - GENERAL NOTE
General note Companion v. to: MCQ companion to General and systemic pathology / Simon S. Cross. 1992.
500 ## - GENERAL NOTE
General note Includes index.
504 ## - BIBLIOGRAPHY, ETC. NOTE
Bibliography, etc Includes bibliographical references.
650 #2 - SUBJECT ADDED ENTRY--TOPICAL TERM
Topical term or geographic name as entry element Pathology
Authority record control number https://id.nlm.nih.gov/mesh/D010336
9 (RLIN) 37
942 ## - ADDED ENTRY ELEMENTS (KOHA)
Source of classification or shelving scheme Dewey Decimal Classification
Koha item type Open Shelf
Holdings
Withdrawn status Lost status Source of classification or shelving scheme Damaged status Not for loan Home library Current library Date acquired Source of acquisition Inventory number Total Checkouts Full call number Barcode Date last seen Date last checked out Koha item type
    Other/Generic Classification Scheme     MUST Main Library MUST Main Library 12/04/2021 Donation 10/32436 1 QZ 4 G29j 1992 2021-0410 23/04/2021 12/04/2021 Open Shelf